[Event "ODJM B 2016"]
[Site "Willingen GER"]
[Date "2016.05.15"]
[Round "1"]
[White "Meusel, Johannes"]
[Black "Niemann, Leon"]
[Result "0-1"]
[Termination "normal"]
[Board "48"]
[WhiteElo "915"]
[BlackElo "1421"]
[PlyCount "94"]
[WhiteFideId "16244893"]
[BlackFideId "16218388"]
[EventCountry "GER"]
[EventRounds "9"]
[EventType "swiss"]
[EventDate "2016.05.14"]

1. e4 c5 2. Nf3 Nc6 3. Bb5 g6 4. Bxc6 dxc6 5. Nc3 Bg7 6. O-O Nf6 7. d3 O-O 8.
Re1 b6 9. e5 Nd5 10. Bd2 Bg4 11. h3 Bd7 12. d4 cxd4 13. Nxd4 Qc7 14. Qe2 Nxc3
15. Bxc3 c5 16. Nf3 Bc6 17. Ng5 Bb7 18. h4 Qc6 19. f3 h6 20. Nh3 Rfe8 21. Nf4
e6 22. h5 g5 23. Nh3 Qd7 24. f4 gxf4 25. Nxf4 Qe7 26. Bd2 Bd5 27. Qe3 Red8 28.
Re2 Qe8 29. Bc3 Qe7 30. Nxd5 Rxd5 31. Rd2 Rxd2 32. Qxd2 Rd8 33. Qe2 Qg5 34. Rd1
Rxd1+ 35. Qxd1 Bxe5 36. Bxe5 Qxe5 37. Qd8+ Kg7 38. Qc7 Qxc7 39. b3 Qg3 40. c4
Kf6 41. a3 Ke5 42. b4 Ke4 43. bxc5 bxc5 44. a4 Qe3+ 45. Kh1 Kf4 46. a5 Kg3 47.
a6 Qe1# 0-1

[Event "ODJM B 2016"]
[Site "Willingen GER"]
[Date "2016.05.15"]
[Round "1"]
[White "Rockmann, Enno"]
[Black "Fuhrmann, Elias"]
[Result "1-0"]
[Termination "normal"]
[Board "49"]
[WhiteElo "1414"]
[BlackElo "909"]
[PlyCount "67"]
[WhiteFideId "12982920"]
[BlackFideId "36098353"]
[EventCountry "GER"]
[EventRounds "9"]
[EventType "swiss"]
[EventDate "2016.05.14"]

1. e4 c5 2. Nf3 d6 3. c3 Nf6 4. Be2 Nxe4 5. Qa4+ Bd7 6. Qxe4 g6 7. Qxb7 Bc6 8.
Qb3 Bg7 9. O-O O-O 10. d4 cxd4 11. cxd4 Qd7 12. Nc3 Bb7 13. Be3 Nc6 14. Rac1
Rab8 15. Qc2 Rfc8 16. Bb5 Ba8 17. d5 Qc7 18. dxc6 Bxc6 19. Bxc6 Qxc6 20. Bxa7
Ra8 21. Bd4 Bxd4 22. Nxd4 Qc4 23. Rfd1 e5 24. Ndb5 Rc6 25. Nxd6 Qc5 26. Rd5 Qb6
27. Rb5 Qa7 28. Nde4 f5 29. Qb3+ Kg7 30. Rb7+ Kh6 31. Qf7 Kh5 32. Qxh7+ Kg4 33.
Qh3+ Kf4 34. Qf3# 1-0

[Event "ODJM B 2016"]
[Site "Willingen GER"]
[Date "2016.05.15"]
[Round "1"]
[White "Nagel, Philipp"]
[Black "Roth, Ludwig"]
[Result "0-1"]
[Termination "normal"]
[Board "50"]
[WhiteElo "873"]
[BlackElo "1291"]
[PlyCount "74"]
[WhiteFideId "12994715"]
[BlackFideId "12952621"]
[EventCountry "GER"]
[EventRounds "9"]
[EventType "swiss"]
[EventDate "2016.05.14"]

1. d4 Nf6 2. f3 d5 3. Bf4 Bf5 4. Nc3 e6 5. e3 Bd6 6. Nge2 Nc6 7. Qd2 Nb4 8. Rc1
O-O 9. h4 h5 10. a3 Nc6 11. Nb5 Re8 12. c4 a6 13. Nxd6 cxd6 14. cxd5 exd5 15.
Ng3 Bg6 16. Kf2 Na5 17. Rc3 b5 18. b4 Nc4 19. Qa2 Rc8 20. Be2 Rc6 21. Rhc1 Nd7
22. Bd3 Bxd3 23. Rxd3 Qxh4 24. Rh1 Qf6 25. Rxh5 Qg6 26. Rd1 Nxe3 27. Bxe3 Rc2+
28. Qxc2 Qxc2+ 29. Rd2 Qc3 30. Re2 Qxa3 31. Nf5 Qxb4 32. Re1 g6 33. Nh6+ Kg7
34. Rh4 Nf6 35. Reh1 Qb2+ 36. Kg3 Nh5+ 37. Kh2 Rxe3 0-1

[Event "ODJM B 2016"]
[Site "Willingen GER"]
[Date "2016.05.15"]
[Round "1"]
[White "Bardorz, Stefan"]
[Black "Klonov, Sofia"]
[Result "1-0"]
[Termination "normal"]
[Board "51"]
[WhiteElo "1283"]
[BlackElo "866"]
[PlyCount "75"]
[WhiteFideId "16245474"]
[BlackFideId "16226240"]
[EventCountry "GER"]
[EventRounds "9"]
[EventType "swiss"]
[EventDate "2016.05.14"]

1. c4 e5 2. Nc3 Bb4 3. Qc2 Nf6 4. g3 Nc6 5. Nf3 d5 6. cxd5 Nxd5 7. Bg2 Bg4 8.
O-O O-O 9. d3 Re8 10. Re1 Re6 11. Bd2 Rd6 12. Nh4 Nxc3 13. Bxc3 Bxc3 14. Qxc3
Qd7 15. Rac1 Rd8 16. Rc2 e4 17. Bxe4 Bh3 18. Rec1 Re8 19. f3 g5 20. Ng2 g4 21.
Nf4 Ne5 22. Qxc7 gxf3 23. Qxd7 Rxd7 24. Nxh3 Ng4 25. Bxf3 Ne5 26. Be4 a5 27.
Ng5 b5 28. Nxh7 Kg7 29. Rf1 b4 30. Nf6 Red8 31. Nxd7 Rxd7 32. Rc5 Ng4 33. Rg5+
Kh6 34. Rxg4 a4 35. Rf6+ Kh5 36. Rg7 b3 37. g4+ Kh4 38. Rh6# 1-0

[Event "ODJM B 2016"]
[Site "Willingen GER"]
[Date "2016.05.15"]
[Round "1"]
[White "Bakalarz, Adrian"]
[Black "Rautenberg, Jakob"]
[Result "0-1"]
[Termination "normal"]
[Board "52"]
[WhiteElo "865"]
[BlackElo "1704"]
[PlyCount "68"]
[WhiteFideId "12955809"]
[BlackFideId "16214749"]
[EventCountry "GER"]
[EventRounds "9"]
[EventType "swiss"]
[EventDate "2016.05.14"]

1. e4 e5 2. d4 exd4 3. c3 dxc3 4. Nxc3 Nc6 5. Nf3 Bb4 6. Bc4 Nf6 7. O-O d6 8.
Ne2 O-O 9. a3 Bc5 10. b4 Bb6 11. Qd3 Bg4 12. Nc3 Bxf3 13. Qxf3 Ne5 14. Qe2 h6
15. Bd3 Re8 16. Nd5 Nxd5 17. exd5 Nxd3 18. Qxd3 Qf6 19. Bd2 Bd4 20. Rac1 Bb6
21. a4 Rac8 22. a5 Bd4 23. Rc4 Be5 24. f4 Bb2 25. Rb1 a6 26. b5 axb5 27. Rb4
Ba1 28. Rxb5 Bd4+ 29. Kf1 b6 30. a6 Ra8 31. R5b4 Bc5 32. Ra4 Qh4 33. g3 Qxh2
34. Be1 Qg1# 0-1

[Event "ODJM B 2016"]
[Site "Willingen GER"]
[Date "2016.05.15"]
[Round "1"]
[White "Ziegenfuß, Larissa"]
[Black "Färber, Sophie"]
[Result "1-0"]
[Termination "normal"]
[Board "53"]
[WhiteElo "1526"]
[BlackElo "860"]
[PlyCount "53"]
[WhiteFideId "12974722"]
[BlackFideId "16239121"]
[EventCountry "GER"]
[EventRounds "9"]
[EventType "swiss"]
[EventDate "2016.05.14"]

1. e4 e5 2. Nf3 Nc6 3. d4 d6 4. Bb5 Bg4 5. d5 a6 6. Be2 Nd4 7. Nxd4 Bxe2 8.
Nxe2 Nf6 9. Nbc3 Be7 10. O-O O-O 11. Ng3 Nd7 12. Nf5 Bf6 13. Qg4 g5 14. h4 h6
15. Nxh6+ Kh7 16. hxg5 Bg7 17. Nf5 Rh8 18. Ne2 Nf8 19. Neg3 Ng6 20. Nh5 f6 21.
Nhxg7 Kg8 22. Ne6 Qd7 23. Nh6+ Kh7 24. Qh5 c6 25. Nf5+ Kg8 26. Qxg6+ Qg7 27.
Qxg7# 1-0

[Event "ODJM B 2016"]
[Site "Willingen GER"]
[Date "2016.05.15"]
[Round "1"]
[White "Ibrahim, Ben"]
[Black "Klugstedt, Vincent"]
[Result "0-1"]
[Termination "normal"]
[Board "54"]
[WhiteElo "834"]
[BlackElo "1281"]
[PlyCount "118"]
[WhiteFideId "12993921"]
[BlackFideId "16216393"]
[EventCountry "GER"]
[EventRounds "9"]
[EventType "swiss"]
[EventDate "2016.05.14"]

1. e4 c5 2. Nf3 Nc6 3. Bc4 g6 4. Ng5 Ne5 5. d3 Nxc4 6. dxc4 Bg7 7. O-O Nf6 8.
h3 h6 9. Nf3 Nxe4 10. Qd5 Nf6 11. Qxc5 d6 12. Qb5+ Qd7 13. Qxd7+ Nxd7 14. Na3
a6 15. Rb1 O-O 16. b3 Nc5 17. Be3 Ne4 18. Rfd1 Nc3 19. Bd4 Bxd4 20. Nxd4 Nxb1
21. Rxb1 e5 22. Nf3 f5 23. Nh4 Kg7 24. Rd1 Rf6 25. g3 g5 26. Nf3 f4 27. g4 Bd7
28. c5 Bc6 29. Ne1 dxc5 30. Nd3 Rd8 31. Re1 e4 32. Nxc5 Re8 33. Nc4 Re7 34. Nd2
e3 35. fxe3 Rxe3 36. Rd1 Rxh3 37. c3 Rh1+ 38. Kf2 Rxd1 39. Nc4 Rf8 40. Ne6+ Kf7
41. Nxf8 Kxf8 42. Ne5 Rd2+ 43. Ke1 Rxa2 44. Nxc6 Rc2 45. Kd1 Rxc3 46. b4 Rxc6
47. Kd2 Rc7 48. Kd3 a5 49. Ke4 axb4 50. Kf5 b3 51. Kg6 b2 52. Kxh6 b1=Q 53.
Kxg5 Rc5+ 54. Kxf4 Qb4+ 55. Kg3 Rc3+ 56. Kh4 Kg7 57. Kg5 Qe7+ 58. Kf4 Qe3+ 59.
Kf5 Rc5# 0-1

[Event "ODJM B 2016"]
[Site "Willingen GER"]
[Date "2016.05.15"]
[Round "1"]
[White "Schiewe, Nadin"]
[Black "Altgelt, Helene"]
[Result "1-0"]
[Termination "normal"]
[Board "55"]
[WhiteElo "1292"]
[BlackElo "817"]
[PlyCount "95"]
[WhiteFideId "16209079"]
[BlackFideId "16232020"]
[EventCountry "GER"]
[EventRounds "9"]
[EventType "swiss"]
[EventDate "2016.05.14"]

1. d4 d5 2. Nf3 Nc6 3. e3 Bf5 4. c3 e6 5. Bd3 Bd6 6. Bxf5 exf5 7. Qd3 Qd7 8.
Nbd2 Nf6 9. O-O O-O 10. a3 Rfe8 11. c4 Ne4 12. cxd5 Ne7 13. Nxe4 fxe4 14. Qxe4
Ng6 15. Qd3 Re7 16. e4 Bf4 17. Re1 Rae8 18. b4 a6 19. Qc2 Qg4 20. h3 Qd7 21.
Nh4 Bxc1 22. Nxg6 hxg6 23. Raxc1 b6 24. f3 a5 25. Qc6 axb4 26. Qxd7 Rxd7 27.
axb4 Rde7 28. Rc6 Kh7 29. d6 cxd6 30. Rxd6 b5 31. Rb6 f5 32. e5 Rd7 33. Rxb5
Rxd4 34. Kf2 Rd7 35. f4 Kg8 36. Rc1 Rd2+ 37. Kg1 Kf7 38. Rc7+ Re7 39. Rxe7+
Kxe7 40. Rb7+ Rd7 41. Rxd7+ Kxd7 42. Kf2 Kc6 43. Ke3 Kb5 44. Kd4 Kxb4 45. e6
Kb5 46. e7 Kb4 47. e8=Q Kb3 48. Qc6 1-0

[Event "ODJM B 2016"]
[Site "Willingen GER"]
[Date "2016.05.15"]
[Round "1"]
[White "Wilmink, Luca"]
[Black "Götz, Timon"]
[Result "0-1"]
[Termination "normal"]
[Board "56"]
[WhiteElo "817"]
[BlackElo "1268"]
[PlyCount "80"]
[WhiteFideId "16245253"]
[BlackFideId "16245040"]
[EventCountry "GER"]
[EventRounds "9"]
[EventType "swiss"]
[EventDate "2016.05.14"]

1. e4 c5 2. Nf3 Nc6 3. c3 e6 4. d4 cxd4 5. cxd4 Nf6 6. Nc3 a6 7. Bg5 Be7 8. Qb3
d5 9. e5 Ne4 10. Bxe7 Qxe7 11. Nxe4 dxe4 12. Nd2 Nxd4 13. Qc4 Nc6 14. Nxe4 Nxe5
15. Qd4 f6 16. f4 Nf7 17. Be2 O-O 18. Bh5 Nh6 19. g4 e5 20. fxe5 fxe5 21. Qe3
Bxg4 22. Bxg4 Nxg4 23. Qg3 Nf6 24. Qg2 Nxe4 25. Qxe4 Rac8 26. Rd1 Qc5 27. Rf1
Qa5+ 28. Rd2 Rc1+ 29. Ke2 Rcxf1 30. Rd7 Qe1+ 31. Kd3 R1f3+ 32. Qxf3 Rxf3+ 33.
Kc4 Qe2+ 34. Kd5 Rd3+ 35. Ke6 Qg4+ 36. Kxe5 Qxd7 37. Ke4 Qd5+ 38. Kf4 Qc4+ 39.
Ke5 Rd5+ 40. Ke6 Qe4# 0-1

[Event "ODJM B 2016"]
[Site "Willingen GER"]
[Date "2016.05.15"]
[Round "1"]
[White "Reuter, Max"]
[Black "Zeng, Jiakang-Felix"]
[Result "0-1"]
[Termination "normal"]
[Board "57"]
[WhiteElo "1268"]
[BlackElo "800"]
[PlyCount "118"]
[WhiteFideId "16263715"]
[EventCountry "GER"]
[EventRounds "9"]
[EventType "swiss"]
[EventDate "2016.05.14"]

1. e4 e5 2. Nf3 Nc6 3. Bc4 Bc5 4. O-O Nf6 5. Nc3 O-O 6. d3 h6 7. Be3 Bxe3 8.
fxe3 d6 9. h3 Na5 10. Bb3 Nxb3 11. axb3 Be6 12. d4 exd4 13. exd4 c5 14. d5 Bd7
15. Qe1 b5 16. Nd2 b4 17. Ne2 Re8 18. Qf2 Kh8 19. Ng3 a5 20. Nc4 Qe7 21. Rae1
Qf8 22. Nf5 Ra6 23. Nxh6 Bb5 24. Qh4 gxh6 25. Qxf6+ Kg8 26. Rf3 Qg7 27. Qxg7+
Kxg7 28. Ne3 Kf8 29. Ng4 a4 30. Nxh6 Re7 31. Rg3 Ke8 32. bxa4 Bxa4 33. c3 Bc2
34. Nf5 Re5 35. cxb4 cxb4 36. Nd4 Bxe4 37. Rge3 f5 38. Nxf5 Rxf5 39. Rxe4+ Kf7
40. Rxb4 Rxd5 41. Kf2 Rd3 42. Rf4+ Kg6 43. Rf3 Rd2+ 44. Re2 Rxe2+ 45. Kxe2 Rb6
46. Rd3 Kf6 47. b4 Rxb4 48. Rxd6+ Ke5 49. Rd3 Kf5 50. Kf3 Kg5 51. Kg3 Rc4 52.
Kh2 Kh4 53. g3+ Kh5 54. Rd5+ Kg6 55. h4 Kf6 56. Kh3 Ke6 57. h5 Kxd5 58. g4 Ke6
59. Kg3 Kf6 0-1